[Event "II Festival A"]
[Site "Lido degli Estensi - Comacchio ITA"]
[Date "2001.06.03"]
[Round "2"]
[White "Burani, Eugenio"]
[Black "Ricci, Alfredo"]
[Result "0-1"]
[WhiteElo "1705"]
[BlackElo "2088"]
[PlyCount "98"]
[EventDate "2001.06.02"]

1.e4 c5 2.Nf3 e6 3.d4 cxd4 4.Nxd4 a6 5.c4 Qc7 6.Nc3 d6 7.Be2 Nf6 8.O-O Be7
9.Be3 Nbd7 10.f4 b6 11.Rc1 Bb7 12.Bf3 Rc8 13.b3 O-O 14.Nde2 Qb8 15.Ng3 
Rfd8 16.Qe2 Bc6 17.Rfd1 b5 18.cxb5 axb5 19.Qf2 b4 20.Nce2 Qb7 21.Rc4 d5 
22.exd5 Bxd5 23.Bxd5 exd5 24.Rcd4 Ng4 25.Qf3 Nxe3 26.Qxe3 Bc5 27.Nf5 Nf8 
28.Qg3 f6 29.Kh1 Bxd4 30.Nexd4 Kh8 31.Nb5 Rc6 32.Nbd4 Ra6 33.h4 g6 34.Nh6 
Qg7 35.Ng4 Ne6 36.Nxe6 Rxe6 37.Qf3 h5 38.Ne3 d4 39.Nc4 Qe7 40.Kh2 Qd7 41.
Qg3 Qc7 42.Qxg6 Qxf4+ 43.g3 Qg4 44.Qxg4 hxg4 45.Rd2 Rde8 46.Kg1 Re2 47.Kf1
Rxd2 48.Nxd2 Re3 49.Kf2 Rc3 0-1

[Event "II Festival A"]
[Site "Lido degli Estensi - Comacchio ITA"]
[Date "2001.06.03"]
[Round "2"]
[White "Caoili, Arianne"]
[Black "Gatta, Giorgio"]
[Result "1-0"]
[WhiteElo "2140"]
[BlackElo "1849"]
[PlyCount "65"]
[EventDate "2001.06.02"]

1.Nf3 Nf6 2.c4 c5 3.Nc3 Nc6 4.g3 g6 5.Bg2 Bg7 6.d4 cxd4 7.Nxd4 O-O 8.O-O 
a6 9.c5 Qa5 10.Nb3 Qc7 11.Bf4 e5 12.Be3 Ne7 13.Na4 Nf5 14.Bd2 d5 15.Nb6 
Be6 16.Nxa8 Rxa8 17.Rc1 h5 18.h4 e4 19.Bf4 Qc8 20.Qc2 Ng4 21.c6 e3 22.f3 
Ne5 23.cxb7 Qxb7 24.Nc5 Qb5 25.a4 Qb4 26.Nxe6 fxe6 27.Bxe5 Bxe5 28.Qc6 Nd4
29.Qxa8+ Kg7 30.f4 Nxe2+ 31.Kh2 Bf6 32.Rc7+ Kh6 33.Qg8 1-0

[Event "II Festival A"]
[Site "Lido degli Estensi - Comacchio ITA"]
[Date "2001.06.03"]
[Round "2"]
[White "Cebalo, Miso"]
[Black "Genocchio, Daniele"]
[Result "0-1"]
[WhiteElo "2465"]
[BlackElo "2278"]
[PlyCount "108"]
[EventDate "2001.06.02"]

1.d4 g6 2.e4 Bg7 3.c4 c5 4.d5 d6 5.Nc3 e6 6.f4 exd5 7.cxd5 Ne7 8.Nf3 O-O 
9.Be2 Bg4 10.O-O a6 11.a4 Bxf3 12.Bxf3 Nd7 13.Qc2 Bd4+ 14.Kh1 Kh8 15.Bd2 
Rb8 16.Ne2 Bg7 17.a5 Nc8 18.Bc3 Na7 19.b4 cxb4 20.Bxg7+ Kxg7 21.Qb2+ Qf6 
22.Qxb4 Nb5 23.Rad1 h5 24.h3 Rbc8 25.Nd4 Rc5 26.e5 dxe5 27.fxe5 Qxe5 28.
Rfe1 Qg5 29.Nxb5 Rxb5 30.Qc3+ Qf6 31.Qc7 Rd8 32.Be2 Rb3 33.d6 Ne5 34.Bf1 
Rd7 35.Qc5 Nc6 36.Qd5 Ra3 37.Bc4 Rxa5 38.Qd2 Rf5 39.Bb3 Qd8 40.Qc3+ Qf6 
41.Qd3 Rf4 42.Qd5 Rd4 43.Rxd4 Nxd4 44.Re7 Qf1+ 45.Kh2 Qf4+ 46.Kh1 Ne2 47.
Qd1 Ng3+ 48.Kg1 Rxe7 49.dxe7 Qe3+ 50.Kh2 Nf5 51.Qa1+ f6 52.Qa4 Qxe7 53.Qc4
Qe5+ 54.Kh1 Ng3+ 0-1

[Event "II Festival A"]
[Site "Lido degli Estensi - Comacchio ITA"]
[Date "2001.06.03"]
[Round "2"]
[White "Chiodini, Pietro"]
[Black "Di Lazzaro, Gabriele"]
[Result "1/2-1/2"]
[WhiteElo "1492"]
[BlackElo "1975"]
[PlyCount "68"]
[EventDate "2001.06.02"]

1.e4 d5 2.exd5 Nf6 3.d4 Nxd5 4.c4 Nb6 5.Nf3 g6 6.Nc3 Bg7 7.Bf4 a6 8.Be5 f6
9.Bg3 O-O 10.Be2 Be6 11.O-O Kh8 12.b3 Bg8 13.a4 a5 14.Qd2 c6 15.Rad1 e6 
16.Ne4 N8d7 17.Bd6 Re8 18.Ba3 Bf8 19.Bb2 Qe7 20.Bc3 f5 21.Nc5 Nf6 22.Bxa5 
Nbd7 23.Nxd7 Ne4 24.Qe1 Qxd7 25.Ne5 Qe7 26.Bb6 Qa3 27.Rd3 Bb4 28.Qa1 Bd6 
29.Qxa3 Bxa3 30.f3 Nf6 31.a5 Bd6 32.c5 Bf8 33.b4 Re7 34.Rb1 Nd7 1/2-1/2

[Event "II Festival A"]
[Site "Lido degli Estensi - Comacchio ITA"]
[Date "2001.06.03"]
[Round "2"]
[White "Costantini, Roberto"]
[Black "Naumkin, Igor"]
[Result "1/2-1/2"]
[WhiteElo "2268"]
[BlackElo "2446"]
[PlyCount "77"]
[EventDate "2001.06.02"]

1.e4 e5 2.Nf3 Nc6 3.Bb5 a6 4.Ba4 Nf6 5.O-O Nxe4 6.d4 b5 7.Bb3 d5 8.dxe5 
Be6 9.Nbd2 Nc5 10.c3 Bg4 11.Bc2 Be7 12.Re1 Qd7 13.Nf1 Bh5 14.Ne3 Rd8 15.b4
Ne6 16.g4 Bg6 17.Nf5 O-O 18.a4 Rfe8 19.axb5 axb5 20.Bd3 Rb8 21.Qe2 Ncd8 
22.Ra5 c6 23.Be3 Bf8 24.Rea1 Nc7 25.h3 Nde6 26.Qa2 c5 27.bxc5 Nxc5 28.Bc2 
Ne4 29.Ra7 Ra8 30.Rxa8 Rxa8 31.Qxa8 Nxa8 32.Rxa8 h6 33.Bxe4 dxe4 34.N3h4 
Bxf5 35.Nxf5 Qb7 36.Re8 Qd7 37.Ra8 Qb7 38.Re8 Qd7 39.Ra8 1/2-1/2

[Event "II Festival A"]
[Site "Lido degli Estensi - Comacchio ITA"]
[Date "2001.06.03"]
[Round "2"]
[White "Formanek, Edward W."]
[Black "Lazarev, Vladimir"]
[Result "0-1"]
[WhiteElo "2293"]
[BlackElo "2500"]
[PlyCount "82"]
[EventDate "2001.06.02"]

1.e4 c5 2.Nf3 Nc6 3.d4 cxd4 4.Nxd4 Qc7 5.Nc3 e6 6.g3 a6 7.Bg2 Nf6 8.O-O 
Bc5 9.Nb3 Ba7 10.Bf4 Ne5 11.a4 d6 12.Qe2 O-O 13.Rad1 Nc4 14.Bc1 e5 15.Nd2 
Be6 16.Ndb1 Na5 17.Bg5 Bc4 18.Qf3 Nd7 19.Nd5 Bxd5 20.Rxd5 Nc6 21.Rd2 Nc5 
22.Qa3 b5 23.axb5 axb5 24.Qf3 b4 25.Qd1 Ne6 26.Be3 Bxe3 27.fxe3 Ra1 28.Qe2
Na5 29.b3 g6 30.Qd3 Ra2 31.h4 h5 32.Rff2 Rb2 33.Rd1 Rc8 34.Bh3 Nc5 35.Qd5 
Rf8 36.Bf1 Kg7 37.Bc4 Ne6 38.Rfd2 Nxc4 39.bxc4 Rc8 40.c3 Rxd2 41.Qxd2 Qxc4
0-1

[Event "II Festival A"]
[Site "Lido degli Estensi - Comacchio ITA"]
[Date "2001.06.03"]
[Round "2"]
[White "Gandolfi, Gianfranco"]
[Black "Popa, Claudiu"]
[Result "1/2-1/2"]
[WhiteElo "1743"]
[BlackElo "2101"]
[PlyCount "35"]
[EventDate "2001.06.02"]

1.e4 e5 2.Nf3 Nc6 3.d4 exd4 4.Bc4 Nf6 5.e5 Ne4 6.Qe2 Nc5 7.c3 Ne6 8.O-O 
dxc3 9.Nxc3 Be7 10.a3 a6 11.b4 b5 12.Bd5 Bb7 13.Be3 O-O 14.Rfd1 Qc8 15.
Rac1 Re8 16.Qa2 Rb8 17.Ne4 Ncd8 18.Nd6 1/2-1/2

[Event "II Festival A"]
[Site "Lido degli Estensi - Comacchio ITA"]
[Date "2001.06.03"]
[Round "2"]
[White "Nikolic, Stanimir"]
[Black "Heinlein, Reinhold"]
[Result "1-0"]
[WhiteElo "2366"]
[BlackElo "2185"]
[PlyCount "57"]
[EventDate "2001.06.02"]

1.d4 Nf6 2.c4 c5 3.e3 cxd4 4.exd4 d5 5.Nc3 Nc6 6.Bg5 Be6 7.Bxf6 gxf6 8.c5 
Qd7 9.a3 Bg7 10.b4 Bf5 11.Be2 Kf8 12.Nf3 Rg8 13.Qd2 Be4 14.b5 Nd8 15.Nh4 
Bg6 16.O-O Rc8 17.Rad1 f5 18.f4 Ne6 19.Qe3 Nc7 20.a4 f6 21.Bf3 Bf7 22.Qe2 
Rd8 23.g3 e5 24.fxe5 fxe5 25.Nxf5 Qxf5 26.Bh5 Qd7 27.Rxf7+ Qxf7 28.Bxf7 
Kxf7 29.Qh5+ 1-0

[Event "II Festival A"]
[Site "Lido degli Estensi - Comacchio ITA"]
[Date "2001.06.03"]
[Round "2"]
[White "Ortega, Lexy"]
[Black "Tatai, Stefano"]
[Result "1-0"]
[WhiteElo "2487"]
[BlackElo "2352"]
[PlyCount "115"]
[EventDate "2001.06.02"]

1.d4 Nf6 2.Nf3 e6 3.Bf4 b6 4.e3 Be7 5.Nbd2 Nh5 6.Bg3 Bb7 7.c3 d6 8.Qc2 Nd7
9.Bd3 h6 10.O-O-O c5 11.Nc4 Nxg3 12.hxg3 Qc7 13.Kb1 O-O-O 14.e4 Kb8 15.Qe2
b5 16.Ne3 c4 17.Bc2 Nb6 18.d5 e5 19.g4 Bg5 20.Nxg5 hxg5 21.Qf3 Qe7 22.g3 
g6 23.Rxh8 Rxh8 24.Rh1 Rxh1+ 25.Qxh1 Qf6 26.f3 Qg7 27.b3 f6 28.Bd1 Bc8 29.
bxc4 Nxc4 30.Nxc4 bxc4 31.Be2 Qb7+ 32.Kc2 Qa6 33.Qb1+ Kc7 34.Qb2 Bd7 35.a3
Ba4+ 36.Kd2 Bb5 37.Qb4 Kd7 38.Kc2 Ke7 39.Kd2 Kd7 40.Kc1 Kc7 41.Kd1 Kd7 42.
Kd2 Kc7 43.Kc1 Kd7 44.Bd1 Qb6 45.a4 Qe3+ 46.Kb2 Qf2+ 47.Bc2 Ba6 48.Qa5 Bc8
49.Qb5+ Ke7 50.Qxc4 Bd7 51.Qc7 a6 52.a5 Qxf3 53.Ba4 Qxg4 54.Bc6 Qh3 55.Kb3
Qg4 56.Ka3 Qh3 57.Kb4 Qg4 58.c4 1-0

[Event "II Festival A"]
[Site "Lido degli Estensi - Comacchio ITA"]
[Date "2001.06.03"]
[Round "2"]
[White "Ristic, Nenad"]
[Black "Mauro, Alan"]
[Result "1-0"]
[WhiteElo "2425"]
[BlackElo "2225"]
[PlyCount "79"]
[EventDate "2001.06.02"]

1.e4 c5 2.Nf3 Nc6 3.c3 Nf6 4.e5 Nd5 5.d4 cxd4 6.Bc4 e6 7.cxd4 d6 8.O-O 
dxe5 9.dxe5 Be7 10.Qe2 O-O 11.Qe4 Qc7 12.Nc3 Nxc3 13.bxc3 b6 14.Bg5 Bb7 
15.Bd3 g6 16.Qh4 Bxg5 17.Nxg5 h5 18.f4 Ne7 19.Rae1 Rad8 20.Be4 Bxe4 21.
Nxe4 Nf5 22.Qg5 Kg7 23.Rf3 Qe7 24.Nf6 Rh8 25.h4 Rd2 26.Kh2 Qd8 27.a4 a6 
28.c4 Rd1 29.Rxd1 Qxd1 30.Ne4 Qd8 31.Qf6+ Qxf6 32.exf6+ Kh6 33.Ng5 Rf8 34.
Rb3 Nxh4 35.Rxb6 Nf5 36.Rb7 h4 37.Kh3 Nd6 38.Rd7 Nxc4 39.Nxf7+ Kh5 40.Ne5 
1-0

[Event "II Festival A"]
[Site "Lido degli Estensi - Comacchio ITA"]
[Date "2001.06.03"]
[Round "2"]
[White "Russo, Carmelo"]
[Black "Navarro, Emanuele"]
[Result "0-1"]
[WhiteElo "1384"]
[BlackElo "1924"]
[PlyCount "140"]
[EventDate "2001.06.02"]

1.d4 Nf6 2.c4 c5 3.d5 b5 4.cxb5 a6 5.Nc3 g6 6.e4 d6 7.bxa6 Bxa6 8.Bxa6 
Nxa6 9.Bg5 Nd7 10.Nf3 Bg7 11.Qd2 Nb4 12.O-O O-O 13.a3 Na6 14.Bh6 Qc7 15.
Bxg7 Kxg7 16.Nb5 Qb8 17.Qc3+ Kg8 18.a4 Rc8 19.Ng5 Nf6 20.Qc4 h6 21.Nf3 Nc7
22.Nxc7 Rxc7 23.e5 dxe5 24.Nxe5 Qb4 25.b3 Qxc4 26.bxc4 Rca7 27.Nc6 Rxa4 
28.Rac1 Kf8 29.Rfe1 Re8 30.Ne5 Rb8 31.Ra1 Rxa1 32.Rxa1 Rb2 33.f3 Re2 34.
Ra8+ Kg7 35.Nd3 Rc2 36.Ra4 Ne8 37.Nxc5 Nd6 38.Ne4 Nxc4 39.Ra7 Ne3 40.Rxe7 
Rxg2+ 41.Kh1 Re2 42.h3 Nxd5 43.Rd7 Nf6 44.Nxf6 Kxf6 45.Kg1 Ke6 46.Rd8 Kf5 
47.Rf8 f6 48.Rc8 Kf4 49.Rc6 Kg3 50.Rc1 Kxf3 51.Rc3+ Kf4 52.Rc4+ Kg5 53.
Rg4+ Kf5 54.Kf1 Rh2 55.Rg3 g5 56.Kg1 Ra2 57.Rf3+ Ke5 58.Kf1 f5 59.Kg1 h5 
60.Rb3 g4 61.Rc3 Kf4 62.Kf1 Rh2 63.Rc4+ Kg5 64.hxg4 hxg4 65.Kg1 Re2 66.Rc8
Kh4 67.Rf8 Kg3 68.Rxf5 Re1+ 69.Rf1 Rxf1+ 70.Kxf1 Kh2 0-1

[Event "II Festival A"]
[Site "Lido degli Estensi - Comacchio ITA"]
[Date "2001.06.03"]
[Round "2"]
[White "Ruzza, Claudio"]
[Black "Rivola, Franco"]
[Result "1-0"]
[WhiteElo "2088"]
[BlackElo "1704"]
[PlyCount "53"]
[EventDate "2001.06.02"]

1.d4 e6 2.Nf3 f5 3.Bf4 Nf6 4.e3 b6 5.Bd3 Bb7 6.Nbd2 Be7 7.h3 O-O 8.c3 c5 
9.Qc2 Nc6 10.a3 d5 11.Ne5 Rc8 12.Ndf3 c4 13.Bxf5 exf5 14.Qxf5 Nxe5 15.dxe5
Ne4 16.Qg4 Qe8 17.Nd4 Qg6 18.Qd7 Qxg2 19.O-O-O Rxf4 20.Rhg1 Qxf2 21.exf4 
Qxf4+ 22.Kb1 Qxe5 23.Qxb7 Re8 24.Nc6 Qf5 25.Nxe7+ Rxe7 26.Qxe7 Nd2+ 27.Ka2
1-0

[Event "II Festival A"]
[Site "Lido degli Estensi - Comacchio ITA"]
[Date "2001.06.03"]
[Round "2"]
[White "Skembris, Spyridon"]
[Black "Mukic, Josko"]
[Result "1-0"]
[WhiteElo "2450"]
[BlackElo "2268"]
[PlyCount "57"]
[EventDate "2001.06.02"]

1.d4 Nf6 2.c4 e5 3.dxe5 Ng4 4.Nf3 Bc5 5.e3 Nc6 6.Be2 O-O 7.Nc3 Ngxe5 8.
Nxe5 Nxe5 9.O-O Re8 10.b3 a5 11.Na4 Ba7 12.c5 d5 13.cxd6 c6 14.Bb2 b5 15.
Nc3 Qh4 16.Qc2 Bg4 17.Rad1 Re6 18.Bxg4 Nxg4 19.h3 Rxe3 20.Ne4 Rxh3 21.gxh3
Qxh3 22.Rfe1 f5 23.d7 Rd8 24.Nc5 Qh2+ 25.Kf1 Qh3+ 26.Ke2 Nxf2 27.Qc3 Qxc3 
28.Bxc3 b4 29.Kxf2 1-0

[Event "II Festival A"]
[Site "Lido degli Estensi - Comacchio ITA"]
[Date "2001.06.03"]
[Round "2"]
[White "Tomelleri, Alessio"]
[Black "Tomasi, Diego"]
[Result "0-1"]
[WhiteElo "1543"]
[BlackElo "2042"]
[PlyCount "59"]
[EventDate "2001.06.02"]

1.e4 e6 2.d4 d5 3.exd5 exd5 4.Bd3 Nc6 5.Nf3 Bd6 6.O-O Nge7 7.Re1 Bg4 8.c3 
Qd7 9.Bg5 f6 10.Bh4 O-O-O 11.Nbd2 g5 12.Bg3 h5 13.Bxd6 Qxd6 14.h3 Bd7 15.
Nh2 g4 16.h4 Nf5 17.Bxf5 Bxf5 18.g3 Bd7 19.Nhf1 f5 20.b4 f4 21.Nb3 fxg3 
22.fxg3 Rhf8 23.Qd2 Rf3 24.Re3 Rdf8 25.Rae1 Nd8 26.Rxf3 Rxf3 27.Re3 Rf5 
28.Nc5 Bb5 29.Nd3 Qa6 30.Re5 0-1

[Event "II Festival A"]
[Site "Lido degli Estensi - Comacchio ITA"]
[Date "2001.06.03"]
[Round "2"]
[White "Trabert, Bettina"]
[Black "Lazic, Miroljub"]
[Result "1/2-1/2"]
[WhiteElo "2269"]
[BlackElo "2475"]
[PlyCount "80"]
[EventDate "2001.06.02"]

1.e4 d6 2.d4 Nf6 3.Nc3 g6 4.g3 Bg7 5.Bg2 O-O 6.Nge2 e5 7.h3 c6 8.O-O b5 9.
a3 a6 10.Be3 Nbd7 11.g4 h5 12.g5 Nh7 13.h4 f6 14.f4 fxg5 15.hxg5 exf4 16.
Nxf4 Qxg5 17.Qd3 Qg4 18.e5 dxe5 19.Nxg6 Re8 20.dxe5 Nxe5 21.Nxe5 Bxe5 22.
Bc5 Be6 23.Rac1 Bxc3 24.Qxc3 Bd5 25.Qh3 Qxh3 26.Bxh3 Ng5 27.Bg2 Bxg2 28.
Kxg2 Ne4 29.Be3 Re6 30.Rcd1 Rf8 31.Rg1 Nf6 32.Bc5 Rf7 33.Rge1 Re4 34.Rd8+ 
Kh7 35.Rxe4 Nxe4 36.Bd4 c5 37.Rh8+ Kg6 38.Be3 Rf6 39.Rh6+ Kf7 40.Rxh5 c4 
1/2-1/2

[Event "II Festival A"]
[Site "Lido degli Estensi - Comacchio ITA"]
[Date "2001.06.03"]
[Round "2"]
[White "Trifunovic, Dusan"]
[Black "Del Vecchio, Gastone"]
[Result "1-0"]
[WhiteElo "2055"]
[BlackElo "1578"]
[PlyCount "121"]
[EventDate "2001.06.02"]

1.d4 Nf6 2.Nc3 d5 3.Bg5 Nbd7 4.Qd3 b6 5.f3 Bb7 6.e4 h6 7.Bxf6 Nxf6 8.e5 
Nh7 9.e6 fxe6 10.Qg6+ Kd7 11.Nh3 Nf6 12.O-O-O h5 13.Nf4 Rh6 14.Qf7 Nh7 15.
h4 Qe8 16.Qxe8+ Kxe8 17.Bd3 Kf7 18.Rde1 g5 19.hxg5 Nxg5 20.Re5 Nh7 21.Bxh7
Rxh7 22.Nxe6 Bh6+ 23.Kd1 Rg8 24.Rexh5 Kxe6 25.Rxh6+ Rxh6 26.Rxh6+ Kf7 27.
g4 c5 28.Ne2 cxd4 29.Nxd4 Rg6 30.Rh5 Kf6 31.Rf5+ Kg7 32.Ke2 e6 33.Re5 Kf7 
34.Ke3 Bc8 35.Rh5 Kg7 36.Nc6 Bb7 37.Ne5 Rf6 38.c3 Bc8 39.Rg5+ Kh8 40.Nc6 
a5 41.Rh5+ Kg7 42.f4 Bd7 43.Ne5 Be8 44.Rh4 Rf8 45.Nf3 Bg6 46.Ne5 b5 47.Nc6
a4 48.a3 Rc8 49.Nd4 Bf7 50.Rh2 Rb8 51.Nc6 Rc8 52.Ne5 Bg8 53.f5 exf5 54.
gxf5 Bh7 55.Kf4 Rc7 56.Kg5 Kf8 57.f6 Bg8 58.Kg6 Ra7 59.Rh8 Ra6 60.Nd7+ Ke8
61.Nc5 1-0

[Event "II Festival A"]
[Site "Lido degli Estensi - Comacchio ITA"]
[Date "2001.06.03"]
[Round "2"]
[White "Vezzani, Stefano"]
[Black "Martinovic, Slobodan"]
[Result "0-1"]
[WhiteElo "2230"]
[BlackElo "2433"]
[PlyCount "72"]
[EventDate "2001.06.02"]

1.Nf3 Nf6 2.d4 g6 3.Bf4 Bg7 4.e3 d6 5.h3 O-O 6.Be2 c5 7.c3 cxd4 8.exd4 Nc6
9.O-O Nd5 10.Bh2 e5 11.dxe5 dxe5 12.Qb3 Nb6 13.Rd1 Qe7 14.Bb5 Be6 15.Qc2 
f6 16.Nbd2 Rac8 17.Qd3 a6 18.Bxc6 Rxc6 19.Nb3 Nc4 20.Qe2 Re8 21.Ne1 Qf7 
22.Nd3 Bf8 23.Re1 Rcc8 24.Rad1 a5 25.Nbc1 b5 26.a3 Qb7 27.Bg3 Bf7 28.f3 
Rc6 29.Kh1 Qc8 30.Qf2 h5 31.h4 Nd6 32.Qe2 Nf5 33.Bf2 Rc4 34.g3 Qa8 35.Rf1 
e4 36.Ne1 e3 0-1

[Event "II Festival A"]
[Site "Lido degli Estensi - Comacchio ITA"]
[Date "2001.06.03"]
[Round "2"]
[White "Weinberg, Emanuele"]
[Black "Opacic, Alexandar"]
[Result "0-1"]
[WhiteElo "1701"]
[BlackElo "1921"]
[PlyCount "104"]
[EventDate "2001.06.02"]

1.d4 d5 2.Nf3 Nf6 3.g3 c6 4.Bg2 e6 5.O-O Bd6 6.b3 Qc7 7.Bb2 Nbd7 8.c4 h5 
9.Nc3 b6 10.e4 dxe4 11.Ng5 h4 12.Ngxe4 hxg3 13.Nxd6+ Qxd6 14.fxg3 Bb7 15.
Rc1 O-O-O 16.d5 Ne5 17.Qd4 Neg4 18.Ne4 Nxe4 19.Qxe4 f5 20.Qxe6+ Qxe6 21.
dxe6 Rd2 22.h3 Rxg2+ 23.Kxg2 c5+ 24.Rf3 Re8 25.Re1 g6 26.Bg7 Kd8 27.Rd1+ 
Kc8 28.Re1 Kc7 29.Re2 Nh2 30.Kxh2 Bxf3 31.Re1 Be4 32.Be5+ Kc6 33.Bf4 Rxe6 
34.Re2 b5 35.cxb5+ Kxb5 36.g4 Ra6 37.gxf5 Bxf5 38.Kg3 Bb1 39.a4+ Kb4 40.
Re7 Kxb3 41.Bb8 Rxa4 42.Rxa7 Re4 43.Kf3 Re6 44.Rb7+ Ka2 45.Rc7 Be4+ 46.Kf4
Bc6 47.Ra7+ Kb3 48.Be5 c4 49.Ra5 c3 50.Bxc3 Kxc3 51.Re5 Rxe5 52.Kxe5 Bf3 
0-1

[Event "II Festival A"]
[Site "Lido degli Estensi - Comacchio ITA"]
[Date "2001.06.04"]
[Round "3"]
[White "Borgo, Giulio"]
[Black "Ortega, Lexy"]
[Result "1/2-1/2"]
[WhiteElo "2408"]
[BlackElo "2487"]
[PlyCount "23"]
[EventDate "2001.06.02"]

1.c4 e5 2.Nc3 Nf6 3.Nf3 e4 4.Ng5 b5 5.d3 bxc4 6.dxe4 h6 7.Nf3 Bb4 8.Bd2 
Nc6 9.e3 O-O 10.Bxc4 Bxc3 11.Bxc3 Nxe4 12.Qc2 1/2-1/2

[Event "II Festival A"]
[Site "Lido degli Estensi - Comacchio ITA"]
[Date "2001.06.04"]
[Round "3"]
[White "Brumen, Dinko"]
[Black "Caoili, Arianne"]
[Result "0-1"]
[WhiteElo "2458"]
[BlackElo "2140"]
[PlyCount "67"]
[EventDate "2001.06.02"]

1.d4 Nf6 2.Nf3 e6 3.Nbd2 d5 4.c4 c5 5.e3 Nc6 6.Be2 cxd4 7.exd4 dxc4 8.Nxc4
Bb4+ 9.Bd2 Bxd2+ 10.Qxd2 O-O 11.Rc1 Ne7 12.O-O b6 13.b4 Bb7 14.b5 Be4 15.
Nfe5 Qb8 16.Rfd1 Rd8 17.Qb4 Nf5 18.Qc3 Qb7 19.f3 Bd5 20.g4 Nh4 21.Qe3 Rac8
22.Qf4 Ne8 23.Nc6 Ng6 24.Qg5 Bxc6 25.bxc6 Qxc6 26.Ne5 Qd6 27.Nxg6 hxg6 28.
Bb5 Nf6 29.Ba6 Rxc1 30.Qxc1 Nd5 31.Bf1 Ne7 32.Qd2 Nc6 33.d5 exd5 34.Bb5 
0-1

[Event "II Festival A"]
[Site "Lido degli Estensi - Comacchio ITA"]
[Date "2001.06.04"]
[Round "3"]
[White "Bukal, Vladimir jr"]
[Black "Bukal, Vladimir sr"]
[Result "1/2-1/2"]
[WhiteElo "2392"]
[BlackElo "2439"]
[PlyCount "22"]
[EventDate "2001.06.02"]

1.d4 Nf6 2.Nf3 c5 3.c3 e6 4.Bg5 h6 5.Bh4 Nc6 6.e3 cxd4 7.exd4 d5 8.Bd3 Be7
9.Nbd2 O-O 10.O-O Nh5 11.Bxe7 Qxe7 1/2-1/2

[Event "II Festival A"]
[Site "Lido degli Estensi - Comacchio ITA"]
[Date "2001.06.04"]
[Round "3"]
[White "Cedikova, Katerina"]
[Black "Gandolfi, Gianfranco"]
[Result "1-0"]
[WhiteElo "2137"]
[BlackElo "1743"]
[PlyCount "49"]
[EventDate "2001.06.02"]

1.d4 Nf6 2.c4 g6 3.Nc3 Bg7 4.e4 d6 5.f3 O-O 6.Be3 c6 7.Qd2 a6 8.Nge2 b5 9.
b3 Qa5 10.Rc1 Bd7 11.c5 dxc5 12.dxc5 Be6 13.Nf4 Rd8 14.Qc2 Nbd7 15.Be2 Ne5
16.O-O Rd7 17.Nxe6 fxe6 18.Rcd1 Rad8 19.Rxd7 Rxd7 20.f4 Neg4 21.Bc1 e5 22.
h3 Nh6 23.fxe5 Nh5 24.Bxh5 gxh5 25.Qf2 1-0

[Event "II Festival A"]
[Site "Lido degli Estensi - Comacchio ITA"]
[Date "2001.06.04"]
[Round "3"]
[White "Del Vecchio, Gastone"]
[Black "Burani, Eugenio"]
[Result "0-1"]
[WhiteElo "1578"]
[BlackElo "1705"]
[PlyCount "98"]
[EventDate "2001.06.02"]

1.e4 c5 2.Bc4 e6 3.Nc3 Nc6 4.a3 g6 5.Nf3 Bg7 6.O-O d6 7.Ne2 Nf6 8.Ng3 O-O 
9.Ba2 b6 10.Re1 Bb7 11.c3 Na5 12.b4 cxb4 13.axb4 Nc6 14.Rb1 Nd7 15.d4 Ne7 
16.Bf4 Qc7 17.Qd2 Rfe8 18.h3 Nf6 19.Bxd6 Qxd6 20.e5 Qc7 21.exf6 Bxf6 22.
Ne4 Bg7 23.Ne5 Nd5 24.c4 Nf6 25.Nxf6+ Bxf6 26.Ng4 Bg7 27.d5 Red8 28.Qg5 
Bc8 29.h4 h5 30.Nf6+ Kh8 31.Ne4 exd5 32.cxd5 Bf5 33.Rbc1 Qb7 34.Qf4 Bxe4 
35.Rxe4 Rac8 36.Rxc8 Qxc8 37.d6 Qd7 38.Bxf7 Qxd6 39.Re8+ Rxe8 40.Qxd6 Re1+
41.Kh2 Be5+ 42.Qxe5+ Rxe5 43.Bxg6 Kg7 44.f4 Rb5 45.f5 Rxb4 46.g3 Kf6 47.
Bxh5 Kxf5 48.Bd1 a5 49.h5 Kg5 0-1

[Event "II Festival A"]
[Site "Lido degli Estensi - Comacchio ITA"]
[Date "2001.06.04"]
[Round "3"]
[White "Di Lazzaro, Gabriele"]
[Black "Barletta, Antonio"]
[Result "1-0"]
[WhiteElo "1975"]
[BlackElo "1902"]
[PlyCount "31"]
[EventDate "2001.06.02"]

1.Nf3 e6 2.g3 b6 3.Bg2 Bb7 4.O-O f5 5.d3 Nf6 6.Nbd2 Be7 7.e4 fxe4 8.dxe4 
Nxe4 9.Ne5 Nd6 10.Bxb7 Nxb7 11.Qh5+ g6 12.Nxg6 hxg6 13.Qxh8+ Bf8 14.Ne4 
Qe7 15.Nf6+ Kd8 16.Bh6 1-0

[Event "II Festival A"]
[Site "Lido degli Estensi - Comacchio ITA"]
[Date "2001.06.04"]
[Round "3"]
[White "Gatta, Giorgio"]
[Black "Tomelleri, Alessio"]
[Result "1-0"]
[WhiteElo "1849"]
[BlackElo "1543"]
[PlyCount "23"]
[EventDate "2001.06.02"]

1.d4 f5 2.Bg5 Nc6 3.Nc3 g6 4.e4 d6 5.Bb5 Bd7 6.exf5 Bxf5 7.d5 a6 8.Ba4 b5 
9.Nxb5 Bd7 10.dxc6 Bxc6 11.Nxd6+ Qxd6 12.Qxd6 1-0

[Event "II Festival A"]
[Site "Lido degli Estensi - Comacchio ITA"]
[Date "2001.06.04"]
[Round "3"]
[White "Heinlein, Reinhold"]
[Black "Costantini, Laura"]
[Result "1/2-1/2"]
[WhiteElo "2185"]
[BlackElo "1924"]
[PlyCount "63"]
[EventDate "2001.06.02"]

1.d4 Nf6 2.c4 g6 3.Nc3 Bg7 4.e4 d6 5.Nf3 O-O 6.Be2 e5 7.O-O Na6 8.Re1 c6 
9.Bf1 Ng4 10.h3 exd4 11.Nxd4 Qb6 12.hxg4 Qxd4 13.Bf4 Qxd1 14.Raxd1 Be5 15.
Bxe5 dxe5 16.f3 Be6 17.Rd2 Rfd8 18.Red1 Rxd2 19.Rxd2 Kf8 20.g3 f6 21.Kf2 
Ke7 22.Ke3 Rd8 23.Na4 Rxd2 24.Kxd2 Kd6 25.Kc3 Nc5 26.Nxc5 Kxc5 27.b4+ Kb6 
28.c5+ Kc7 29.Bc4 Bxc4 30.Kxc4 Kc8 31.a3 Kc7 32.a4 1/2-1/2

[Event "II Festival A"]
[Site "Lido degli Estensi - Comacchio ITA"]
[Date "2001.06.04"]
[Round "3"]
[White "Lazarev, Vladimir"]
[Black "Ristic, Nenad"]
[Result "0-1"]
[WhiteElo "2500"]
[BlackElo "2425"]
[PlyCount "114"]
[EventDate "2001.06.02"]

1.d4 Nf6 2.c4 c5 3.d5 b5 4.cxb5 a6 5.bxa6 g6 6.Nc3 Bxa6 7.g3 d6 8.Bg2 Bg7 
9.Nf3 Nbd7 10.Rb1 O-O 11.b3 Qa5 12.Bd2 Ng4 13.Qc2 Rfb8 14.O-O Nge5 15.Nxe5
Bxe5 16.a4 c4 17.b4 Rxb4 18.Na2 Rxb1 19.Rxb1 Qc5 20.Be3 Qa5 21.Nb4 Bf6 22.
Nc6 Qc7 23.f4 Nb8 24.Bb6 Qc8 25.e4 Nxc6 26.dxc6 e5 27.c7 Qg4 28.h3 Qd7 29.
a5 Re8 30.Kh2 h5 31.f5 gxf5 32.Rf1 f4 33.Kh1 Bg5 34.Qe2 fxg3 35.Qxh5 Bd2 
36.Rf3 Qe6 37.Rxg3+ Kf8 38.Be3 c3 39.Bxd2 cxd2 40.Qd1 Qa2 41.Rc3 Be2 42.
c8=Q Bxd1 43.Qc7 Bg4 44.Qxd6+ Kg7 45.Rg3 Qa1+ 46.Kh2 d1=Q 47.Rxg4+ Qxg4 
48.hxg4 Qe1 49.Qa3 Rh8+ 50.Bh3 Qf2+ 51.Kh1 Qf1+ 52.Kh2 Qe2+ 53.Kg1 Rd8 54.
Bg2 Rd3 55.Qc5 Qe1+ 56.Bf1 Qg3+ 57.Kh1 Rd2 0-1

[Event "II Festival A"]
[Site "Lido degli Estensi - Comacchio ITA"]
[Date "2001.06.04"]
[Round "3"]
[White "Lazic, Miroljub"]
[Black "Costantini, Roberto"]
[Result "1-0"]
[WhiteElo "2475"]
[BlackElo "2268"]
[PlyCount "57"]
[EventDate "2001.06.02"]

1.Nf3 Nf6 2.b3 d5 3.Bb2 Bg4 4.g3 e6 5.Bg2 Nbd7 6.O-O Be7 7.d3 O-O 8.Nbd2 
a5 9.a3 h6 10.h3 Bh5 11.c4 c6 12.Qc2 Ne8 13.Rfe1 Bg6 14.e4 Nc7 15.Rad1 Bf6
16.d4 b5 17.Ne5 Nxe5 18.dxe5 Be7 19.f4 Bc5+ 20.Kh2 Bh5 21.cxd5 Bf2 22.d6 
Na6 23.Rc1 Bxe1 24.Rxe1 Rc8 25.f5 Nb8 26.Rf1 Qg5 27.Bc1 exf5 28.exf5 g6 
29.Ne4 1-0

[Event "II Festival A"]
[Site "Lido degli Estensi - Comacchio ITA"]
[Date "2001.06.04"]
[Round "3"]
[White "Lelchuk, Zoja"]
[Black "Tocco, Paolo"]
[Result "0-1"]
[WhiteElo "2411"]
[BlackElo "2144"]
[PlyCount "98"]
[EventDate "2001.06.02"]

1.Nf3 f5 2.e4 fxe4 3.Ng5 d5 4.d3 Qd6 5.dxe4 h6 6.Nh3 dxe4 7.Bd2 Nf6 8.Nf4 
Bf5 9.Nc3 Nc6 10.Bc4 O-O-O 11.Bb3 g5 12.Nfd5 Nxd5 13.Bxd5 Bg7 14.O-O e6 
15.Bxc6 Qxc6 16.Qe2 a6 17.Rfd1 Rd6 18.Be1 Rhd8 19.Rd2 Rxd2 20.Bxd2 Qb6 21.
Be1 e3 22.Rd1 Qxb2 23.Rxd8+ Kxd8 24.Qxe3 Qxc2 25.h3 Qd3 26.Qc5 Qd6 27.Qa7 
Qc6 28.Qb8+ Kd7 29.Ne2 Qe4 30.Qg8 Be5 31.Qf7+ Kc6 32.Kf1 Kb6 33.f3 Qb1 34.
g4 Bd3 35.Qxe6+ Bd6 36.Kf2 Ka7 37.Bd2 b6 38.Nc1 Qc2 39.Qe1 Bc5+ 40.Kg2 Bc4
41.Kh1 Bd5 42.Qe2 Bxf3+ 43.Qxf3 Qxd2 44.Ne2 Qxa2 45.Kg2 a5 46.Kh1 a4 47.h4
gxh4 48.Qe4 Qb3 49.Kg2 a3 0-1

[Event "II Festival A"]
[Site "Lido degli Estensi - Comacchio ITA"]
[Date "2001.06.04"]
[Round "3"]
[White "Logallo, Claudio"]
[Black "Pircher, Karl"]
[Result "1/2-1/2"]
[WhiteElo "1720"]
[BlackElo "2041"]
[PlyCount "36"]
[EventDate "2001.06.02"]

1.e4 e6 2.d4 d5 3.Nc3 Nf6 4.e5 Nfd7 5.Nce2 c5 6.c3 Nc6 7.a3 Be7 8.f4 cxd4 
9.cxd4 Qb6 10.Nf3 f6 11.g3 O-O 12.Qd3 Na5 13.Bh3 Nb8 14.O-O Nb3 15.Rb1 Nc6
16.Bd2 Bd7 17.Bc3 Rac8 18.Kh1 Nd8 1/2-1/2